000 00336 a2200157 4500
001 47586
020 _a9788544501269
040 _cAnchieta - Aquarius
100 _aLemniscates
240 1 0 _aMeus monstros
_lpor
245 1 0 _aMeus monstros
300 _a32p.
362 0 _a2017
650 4 _aLiteratura infanto-juvenil
942 _cBK
999 _c47586
_d47586